000 00312nam a22001337a 4500
008 210521b ||||| |||| 00| 0 eng d
041 _aeng
080 _a159.9
082 _a159.9
100 _a48
101 _aPSI
245 _aContemporary Issues in Educational Psychology
_cClarizio,H.F
942 _2udc
_cBK
999 _c57576
_d57576